Countries with the most people of Polish descent - Statistics

General Stats
  • This quiz has been taken 69 times
  • The average score is 12 of 15
Answer Stats
Answer % Correct
2 Germany
97%
5 UK
97%
1 USA
97%
9 Russia
95%
4 Canada
92%
7 France
88%
10 Australia
87%
13 Ukraine
87%
8 Belarus
80%
3 Brazil
78%
6 Argentina
75%
12 Lithuania
72%
14 Ireland
68%
15 Norway
53%
11 Israel
35%
No matching quizzes found
Score Distribution
Percent of People with Each Score
Percentile by Number Answered
Your Score History
You have not taken this quiz